Statistics for English Football teams 2023-2024 Season

Click here to take the quiz!

General Stats

  • This quiz has been taken 626 times
    (171 since last reset)
  • The average score is 55 of 92

Answer Stats

HintAnswer% Correct
PArsenal
94%
PChelsea
91%
PManchester City
91%
PManchester United
91%
PAston Villa
89%
PTottenham Hotspur
89%
PLiverpool
87%
PWest Ham United
85%
PBrentford
82%
PEverton
82%
PNewcastle United
82%
PWolverhampton Wanderers
82%
PNottingham Forest
81%
PSheffield United
81%
PBrighton & Hove Albion
79%
PCrystal Palace
79%
CLeicester City
78%
PLuton Town
78%
CSheffield Wednesday
77%
PBurnley
76%
CWest Bromwich Albion
75%
PFulham
74%
CSwansea City
73%
CCardiff City
72%
CSouthampton
72%
CLeeds United
71%
CSunderland
71%
CNorwich City
70%
CHull City
69%
CIpswich Town
69%
CMiddlesbrough
69%
CPlymouth Argyle
69%
2Wrexham
69%
1Derby County
67%
1Portsmouth
67%
CQueens Park Rangers
67%
CWatford
67%
CBirmingham City
66%
CStoke City
66%
CBlackburn Rovers
65%
CBristol City
65%
1Blackpool
64%
1Bolton Wanderers
63%
CCoventry City
63%
CHuddersfield Town
62%
1Reading
62%
1Barnsley
61%
2AFC Wimbledon
60%
CPreston North End
60%
CMillwall
59%
1Oxford United
58%
1Wigan Athletic
58%
2Accrington Stanley
56%
2Bradford City
55%
1Bristol Rovers
55%
1Cambridge United
54%
1Charlton Athletic
53%
CRotherham United
53%
2Doncaster Rovers
51%
2Notts County
49%
PAFC Bournemouth
48%
1Carlisle United
48%
1Wycombe Wanderers
48%
1Leyton Orient
46%
1Lincoln City
46%
2MK Dons
46%
1Burton Albion
45%
1Cheltenham Town
44%
2Forest Green Rovers
44%
2Newport County AFC
44%
2Tranmere Rovers
44%
1Exeter City
43%
1Northampton Town
43%
1Peterborough United
43%
2Swindon Town
42%
2Colchester United
41%
2Gillingham
41%
1Fleetwood Town
40%
2Mansfield Town
40%
2Crewe Alexandra
39%
2Salford City
39%
2Grimsby
38%
2Morecambe
38%
1Port Vale
37%
2Stockport
35%
2Walsall
35%
1Stevenage
34%
2Crawley Town
33%
2Sutton United
33%
2Harrogate Town
31%
1Shrewsbury Town
30%
2Barrow
27%

Score Distribution

Percentile by Number Answered

Percent of People with Each Score

Your Score History

You have not taken this quiz since the last reset